Rozvoj čitateľskej gramotnosti a komunikačných schopností v prostredí školskej knižnice

Bibliographic Details
Main Authors: Pavlacová, Monika (Author), Drusová, Darina (Author)
Format: Article
Language:Slovak
ISSN:1335-7026
Subjects:
Online Access:http://www.snk.sk/images/snk/casopis_kniznica/2011/september/38.pdf

MARC

LEADER 00000nab a2200000 a 4500
001 vtls010343664
003 SK-MaSNL
005 20260304233423.0
008 250708|2011 xo |r||||||||||00 b|slo
015 |a SNBRB2011/12  |2 snkbucl 
035 |a (uuid)08accb30-5e65-48d6-a94d-cd0ff1eb4fe3 
035 |a urn:nbn:sk:snk-abc7e4 
035 |a (urnnbn)urn:nbn:sk:snk:ar-000qeb 
038 |a SNKBUCL 
040 |a SNKBUCL  |b slo  |c SNKBUCL  |e AACR2 
041 0 |a slo 
044 |a xo  |c SK 
080 |a 027.8  |x (437.6)  |2 2001 
080 |a 373.3  |x (437.6)  |2 2001 
080 |a 028.1  |x (437.6)  |2 2001 
100 1 |a Pavlacová, Monika  |4 aut  |9 1569084 
245 1 0 |a Rozvoj čitateľskej gramotnosti a komunikačných schopností v prostredí školskej knižnice  |c Monika Pavlacová, Darina Drusová 
610 2 7 |a Základná škola sv. Dominika Savia (Dubnica nad Váhom, Slovensko).  |b Školská knižnica  |2 snknba  |9 1569085 
650 0 7 |a školské knižnice  |2 snknba  |9 65580 
650 0 7 |a základné školy  |2 snknba  |9 1280 
650 0 7 |a čítanie  |2 snknba  |9 1654 
650 0 7 |a čitateľská gramotnosť  |2 snknba  |9 69767 
651 7 |a Dubnica nad Váhom (Slovensko)  |2 snknba  |9 58303 
700 1 |a Drusová, Darina  |4 aut  |9 1569086 
773 0 |t Knižnica  |g Roč. 12, č. 9 (2011), s. 38-39  |x 1335-7026 
850 |a Slovenská národná knižnica 
852 |a Slovenská národná knižnica 
856 4 1 |u http://www.snk.sk/images/snk/casopis_kniznica/2011/september/38.pdf 
954 |a odborná, vedecká literatúra pôvodná (slovenská)  |2 lita 
958 |a article15 
958 |a OND 
958 |a KL 
958 |a EUIPO 
999 |c 3198513  |d 3200443